| 000 | 00901nam a2200241 i 4500 | ||
|---|---|---|---|
| 001 | bg | ||
| 245 | 0 | 0 |
_aPierwszy rok członkostwa Polski w Unii Europejskiej w ocenie społecznej : _bpraca zbiorowa / _cpod red. Elżbiety Skotnickiej-Illasiewicz ; Urząd Komitetu Integracji Europejskiej. Departament Analiz i Strategii. |
| 260 |
_aWarszawa : _bUKIE, _c2005. |
||
| 300 |
_a156, [1] s. : _bwykr. ; _c24 cm. |
||
| 490 | 1 |
_aBiblioteka Europejska ; _v34 |
|
| 504 | _aBibliogr. przy pracach. | ||
| 610 | 2 | 9 |
_aUnia Europejska _xa Polska _xsocjologia _yod 2004 r. |
| 651 | 9 |
_aPolska _xa Unia Europejska _xsocjologia _zod 2004 r. |
|
| 700 | 1 |
_aSKOTNICKA-ILLASIEWICZ, Elżbieta. _eRed. |
|
| 830 | _aBiblioteka Europejska ; | ||
| 020 | _a8389972670 | ||
| 040 | _cBPK | ||
| 041 | 0 | _apol | |
| 080 | _a316.64(438:4-67) | ||
| 920 | _a83-89972-67-0 | ||
| 942 | _cKS | ||
| 008 | s pl f |000 0 pol | ||
| 999 |
_c46901 _d46901 |
||
| 856 |
_uhttp://koha.tu.koszalin.pl/cgi-bin/koha/opac-detail.pl?biblionumber=46901 _yKatalog online BPK |
||